[Event "USCL Week 8"]
[Site "Internet Chess Club"]
[Date "2015.10.13"]
[Round "?"]
[White "Minear, Peter"]
[Black "Cunningham, Robin"]
[Result "1-0"]
[WhiteElo "2353"]
[BlackElo "2252"]
[PlyCount "117"]
[EventDate "2015.??.??"]

1. e4 c6 2. d4 d5 3. f3 Qb6 4. Nc3 dxe4 5. fxe4 e5 6. Nf3 exd4 7. Nxd4 Nf6 8.
Be2 Nbd7 9. Nf5 Ne5 10. Nd6+ Bxd6 11. Qxd6 Nfg4 12. Rf1 Qd8 13. Qxd8+ Kxd8 14.
Bf4 Ng6 15. Bd2 f6 16. O-O-O Ke7 17. h3 N4e5 18. Be3 Be6 19. b3 Rhd8 20. a4
Rxd1+ 21. Rxd1 Nd7 22. Kb2 a5 23. Bf1 Nge5 24. Ne2 Bc4 25. Nd4 Bxf1 26. Nf5+
Ke6 27. Rxf1 g6 28. Nd4+ Ke7 29. g4 Rf8 30. Kc3 b6 31. Bc1 Nc5 32. Ba3 Kd7 33.
Bxc5 bxc5 34. Nf3 Re8 35. Nxe5+ Rxe5 36. Rxf6 Rxe4 37. Rf7+ Kd6 38. Rxh7 c4 39.
Ra7 cxb3 40. cxb3 Re3+ 41. Kc4 Rxh3 42. Rxa5 Rf3 43. Rg5 Rf4+ 44. Kc3 Rf6 45.
Kb4 Re6 46. Ka5 Kc7 47. b4 Kb7 48. b5 cxb5 49. axb5 Ka7 50. Rd5 Kb7 51. Rd7+
Kc8 52. Rg7 Kb8 53. b6 Re1 54. Rxg6 Ra1+ 55. Kb5 Rb1+ 56. Kc6 Rc1+ 57. Kd5 Kb7
58. g5 Re1 59. Re6 1-0

[Event "USCL Week 8"]
[Site "Internet Chess Club"]
[Date "2015.10.13"]
[Round "?"]
[White "Molner, Mackenzie"]
[Black "Pressman, Leif"]
[Result "1-0"]
[WhiteElo "2592"]
[BlackElo "2399"]
[PlyCount "101"]
[EventDate "2015.??.??"]

1. e4 e5 2. Nf3 Nc6 3. Bb5 a6 4. Ba4 Nf6 5. O-O Nxe4 6. d4 b5 7. Bb3 d5 8. dxe5
Be6 9. Nbd2 Nc5 10. c3 Be7 11. Bc2 O-O 12. Nb3 Nxb3 13. axb3 Qd7 14. Re1 Rfd8
15. Bg5 h6 16. Bxe7 Nxe7 17. b4 Bf5 18. Nd4 Bxc2 19. Qxc2 Nc6 20. f4 a5 21.
bxa5 Rxa5 22. Rxa5 Nxa5 23. f5 c5 24. e6 Qb7 25. exf7+ Qxf7 26. Ne6 Re8 27. Rf1
Nc4 28. Qf2 Qe7 29. b3 Nd6 30. Qxc5 Nxf5 31. Rxf5 Qxe6 32. Qxd5 Qxd5 33. Rxd5
Re3 34. Rc5 b4 35. Kf2 Re6 36. c4 Rf6+ 37. Kg1 Ra6 38. Rb5 Ra2 39. Rxb4 Kf7 40.
Rb7+ Kf6 41. b4 h5 42. b5 Rc2 43. Rc7 Rb2 44. h4 g6 45. Rc6+ Kf5 46. b6 Kg4 47.
Rxg6+ Kxh4 48. g3+ Kh3 49. c5 Rb5 50. Rg8 Rb2 51. c6 1-0

[Event "USCL Week 8"]
[Site "Internet Chess Club"]
[Date "2015.10.13"]
[Round "?"]
[White "Shlionsky, Aaron"]
[Black "Shi, Jason"]
[Result "0-1"]
[WhiteElo "2232"]
[BlackElo "2249"]
[PlyCount "138"]
[EventDate "2015.??.??"]

1. e4 c6 2. d4 d5 3. Nd2 dxe4 4. Nxe4 Nd7 5. Nf3 Ngf6 6. Nxf6+ Nxf6 7. Bd3 Bg4
8. c3 e6 9. O-O Be7 10. Qe2 Qd5 11. b4 O-O 12. Be3 Bxf3 13. Qxf3 Qxf3 14. gxf3
Nd5 15. Rfc1 a5 16. b5 Ba3 17. Rc2 Rac8 18. bxc6 Rxc6 19. c4 Nb4 20. Rd2 Bb2
21. Rxb2 Nxd3 22. Rb3 Nb4 23. c5 Rd8 24. Rab1 h6 25. a3 Nc2 26. Rxb7 e5 27. Rb8
Rcc8 28. Rxc8 Rxc8 29. Rc1 Nxd4 30. Bxd4 exd4 31. Kf1 Re8 32. c6 d3 33. c7 d2
34. c8=Q d1=Q+ 35. Rxd1 Rxc8 36. Rd5 Ra8 37. Ke2 f6 38. Kd3 Kf7 39. Kc4 Ke6 40.
Rb5 g5 41. Kd4 Rd8+ 42. Ke4 Rd2 43. Rxa5 Re2+ 44. Kd4 Rxf2 45. h4 Rxf3 46. hxg5
hxg5 47. Ke4 Rf4+ 48. Ke3 Rc4 49. a4 g4 50. Ra8 f5 51. a5 Rc3+ 52. Kf2 Ra3 53.
a6 Ke5 54. a7 Kf4 55. Ke1 g3 56. Ke2 Ra2+ 57. Ke1 g2 58. Rg8 Rxa7 59. Kf2 Ra2+
60. Kg1 Rd2 61. Rf8 Ke4 62. Ra8 f4 63. Rg8 Re2 64. Rg4 Ke3 65. Rg8 f3 66. Re8+
Kd2 67. Rg8 Re1+ 68. Kf2 Rf1+ 69. Kg3 g1=Q+ 0-1

[Event "USCL Week 8"]
[Site "Internet Chess Club"]
[Date "2015.10.13"]
[Round "?"]
[White "Sage, Tim"]
[Black "Yanovsky, Vlad"]
[Result "1-0"]
[WhiteElo "2183"]
[BlackElo "2229"]
[PlyCount "149"]
[EventDate "2015.??.??"]

1. d4 Nf6 2. c4 e6 3. Nc3 Bb4 4. Qc2 O-O 5. a3 Bxc3+ 6. Qxc3 b5 7. cxb5 c6 8.
Qd3 cxb5 9. e4 Bb7 10. f3 Nc6 11. Be3 a6 12. Ne2 Rc8 13. Nc3 b4 14. axb4 Nxb4
15. Qd2 Ne8 16. Be2 f5 17. O-O Nd6 18. Bf4 Nc4 19. Bxc4 Rxc4 20. Bd6 Nc6 21.
Bxf8 Rxd4 22. Qc2 Qxf8 23. exf5 Qc5 24. Kh1 Nb4 25. Qf2 exf5 26. Ne2 Rc4 27.
Qxc5 Rxc5 28. Rfc1 Re5 29. Nd4 Rd5 30. Rd1 a5 31. Nb3 Nd3 32. Rxd3 Rxd3 33. Nc5
Rd2 34. Nxb7 Rxb2 35. Nxa5 Kf7 36. Re1 d5 37. Nc6 Kf6 38. Rd1 Ke6 39. Kg1 Kd6
40. Nd4 Ke5 41. Kf1 g6 42. Ne2 g5 43. g3 h5 44. Kf2 f4 45. gxf4+ gxf4 46. h4 d4
47. Kf1 Rb4 48. Nc1 Kf5 49. Nd3 Rb3 50. Ke2 Ra3 51. Rb1 Ra5 52. Rg1 Ra2+ 53.
Kd1 Ra1+ 54. Nc1 Ra3 55. Rg5+ Kf6 56. Ke2 Re3+ 57. Kf2 Rc3 58. Ne2 Rc2 59. Rd5
Ra2 60. Rxd4 Ra1 61. Nxf4 Rh1 62. Nxh5+ Kg6 63. Ng3 Ra1 64. Rd6+ Kh7 65. h5
Ra2+ 66. Ke3 Kh8 67. Kf4 Ra5 68. Nf5 Ra7 69. Kg5 Rb7 70. Re6 Rb8 71. h6 Rg8+
72. Kh5 Rf8 73. Nh4 Ra8 74. f4 Rb8 75. Re7 1-0

[Event "USCL Week 8"]
[Site "Internet Chess Club"]
[Date "2015.10.13"]
[Round "?"]
[White "Krasik, Ilya"]
[Black "Kumar, Aravind"]
[Result "0-1"]
[WhiteElo "2276"]
[BlackElo "2286"]
[PlyCount "126"]
[EventDate "2015.??.??"]

1. d4 d5 2. c4 c6 3. Nf3 Nf6 4. Nc3 e6 5. g3 Nbd7 6. Bg2 Be7 7. O-O dxc4 8. e4
b5 9. d5 cxd5 10. exd5 exd5 11. Nxd5 Nxd5 12. Qxd5 Rb8 13. Ne5 Nxe5 14. Qxe5
Qd6 15. Qxg7 Qf6 16. Bc6+ Bd7 17. Bxd7+ Kxd7 18. Qg4+ Qe6 19. Qd4+ Kc6 20. a4
Bc5 21. axb5+ Kxb5 22. Qd1 Kc6 23. Qa4+ Kb7 24. Bf4 Rbc8 25. Rfe1 Qc6 26. Qc2
Qg6 27. Qc3 Rhd8 28. Qf3+ Qc6 29. Qh5 Qg6 30. Qe5 Qc6 31. Qf5 Qg6 32. Qh3 Qd3
33. Be3 Rd7 34. Rac1 Bb4 35. Rf1 Rc6 36. Qg4 f5 37. Qh5 Qe4 38. Ra1 Bc5 39.
Bxc5 Rxc5 40. Rfe1 Qc6 41. Qe8 Qc8 42. Qe3 Rd3 43. Qh6 Rd7 44. Re6 Ka8 45. Qe3
Rd3 46. Re8 Rxe3 47. Rxc8+ Rxc8 48. fxe3 Rc5 49. Rd1 Rb5 50. Rd8+ Kb7 51. Rd7+
Kc6 52. Rd2 Kc5 53. Kf2 a5 54. Kf3 Kb4 55. g4 fxg4+ 56. Kxg4 Kb3 57. e4 a4 58.
Kf4 a3 59. bxa3 c3 60. Re2 c2 61. Re3+ Kc4 62. Re1 Rb1 63. Rh1 Rxh1 0-1

[Event "USCL Week 8"]
[Site "Internet Chess Club"]
[Date "2015.10.13"]
[Round "?"]
[White "Gorovets, Andrey"]
[Black "Aldama, Dionisio"]
[Result "1-0"]
[WhiteElo "2617"]
[BlackElo "2547"]
[PlyCount "77"]
[EventDate "2015.??.??"]

1. e4 e5 2. Nf3 Nc6 3. Nc3 d6 4. Bb5 Nf6 5. d4 exd4 6. Nxd4 Bd7 7. O-O Be7 8.
Bxc6 bxc6 9. Qf3 O-O 10. Re1 Rb8 11. b3 Re8 12. h3 h6 13. Bb2 Nh7 14. Nf5 Bf6
15. Ng3 c5 16. Rad1 Be5 17. Bc1 Ng5 18. Bxg5 hxg5 19. Nd5 g6 20. Ne3 Kg7 21.
Nc4 Bc6 22. Nxe5 Rxe5 23. Qc3 f6 24. f3 Re8 25. Nf1 Qe7 26. Ne3 Qe5 27. Qa5
Rbc8 28. Ng4 Qg3 29. Qc3 Rf8 30. Re3 Qh4 31. b4 Bd7 32. e5 Bxg4 33. exf6+ Kh6
34. hxg4 cxb4 35. Qd4 Rce8 36. Rdd3 a5 37. f4 gxf4 38. Rh3 Qxh3 39. Qxf4+ 1-0

[Event "USCL Week 8"]
[Site "Internet Chess Club"]
[Date "2015.10.13"]
[Round "?"]
[White "Troff, Kayden"]
[Black "Baryshpolets, Andrey"]
[Result "1/2-1/2"]
[WhiteElo "2619"]
[BlackElo "2608"]
[PlyCount "83"]
[EventDate "2015.??.??"]

1. d4 d5 2. c4 c6 3. Nf3 Nf6 4. Nc3 e6 5. g3 dxc4 6. Ne5 Nbd7 7. Nxc4 b5 8. Nd2
c5 9. Bg2 Rb8 10. dxc5 Nxc5 11. O-O Bb7 12. Bxb7 Rxb7 13. a3 Be7 14. b4 Ncd7
15. Nb3 a6 16. Bf4 O-O 17. Na5 Rb6 18. Qb3 e5 19. Be3 Re6 20. Rfd1 Qa8 21. Rac1
Rc8 22. Nd5 Rxc1 23. Nxe7+ Rxe7 24. Rxc1 h6 25. Rc7 Re6 26. Nb7 Qb8 27. Qc2 Nf8
28. Na5 Nd5 29. Rc8 Nxe3 30. Qc5 Qd6 31. Qxe3 Qd7 32. Qc5 Re8 33. Rxe8 Qxe8 34.
Nc6 Ne6 35. Qb6 Nd4 36. Nxd4 exd4 37. Qxa6 Qxe2 38. Qc8+ Kh7 39. Qf5+ Kg8 40.
Qc8+ Kh7 41. Qf5+ Kg8 42. Qc8+ 1/2-1/2

[Event "USCL Week 8"]
[Site "Internet Chess Club"]
[Date "2015.10.13"]
[Round "?"]
[White "Davisson, Richard"]
[Black "Mateer, Amanda"]
[Result "0-1"]
[WhiteElo "1900"]
[BlackElo "2127"]
[PlyCount "79"]
[EventDate "2015.??.??"]

1. e4 c5 2. Nf3 e6 3. c3 Nf6 4. e5 Nd5 5. d4 cxd4 6. cxd4 Nc6 7. Nc3 Nxc3 8.
bxc3 d6 9. exd6 Bxd6 10. Bd3 Qc7 11. Be3 Bd7 12. Qc2 Rc8 13. O-O Nb4 14. Qb1
Nxd3 15. Qxd3 Qxc3 16. Qxc3 Rxc3 17. Rfc1 Rxc1+ 18. Rxc1 a6 19. Ne5 b5 20. Nd3
Ke7 21. Nc5 Rc8 22. Bd2 Rc6 23. Re1 Bc8 24. a3 Ke8 25. Bb4 Kd8 26. Rc1 Bc7 27.
Bd2 e5 28. dxe5 Bxe5 29. Nd3 Rxc1+ 30. Bxc1 Bd6 31. Nb4 Bb7 32. Bb2 a5 33. Nc2
g6 34. Bc3 b4 35. axb4 Be4 36. Bf6+ Kd7 37. Nd4 axb4 38. g3 Bd5 39. Nb5 Bc5 40.
Kf1 0-1

[Event "USCL Week 8"]
[Site "Internet Chess Club"]
[Date "2015.10.13"]
[Round "?"]
[White "Durham, Daniel"]
[Black "Breckenridge, Steven"]
[Result "1-0"]
[WhiteElo "2306"]
[BlackElo "2414"]
[PlyCount "101"]
[EventDate "2015.??.??"]

1. d4 Nf6 2. c4 e6 3. Nf3 b6 4. Nc3 Bb4 5. Bg5 Ba6 6. e4 h6 7. Bxf6 Qxf6 8. e5
Qe7 9. Bd3 Nc6 10. O-O Bxc3 11. bxc3 Na5 12. Qe2 f5 13. exf6 gxf6 14. Nh4 Rg8
15. Rfe1 O-O-O 16. c5 Bb7 17. g3 bxc5 18. Rab1 Qd6 19. Be4 Bxe4 20. Qxe4 Qc6
21. Qf4 f5 22. Nf3 Rg4 23. Ne5 Rxf4 24. Nxc6 Nxc6 25. gxf4 cxd4 26. cxd4 Nxd4
27. Re3 c5 28. Ra3 Nc6 29. Kg2 Kc7 30. Kh3 d5 31. Kh4 c4 32. Rc1 Rb8 33. Kh5
Kd6 34. h4 Kc5 35. Kxh6 Rh8+ 36. Kg5 d4 37. h5 Kb4 38. Ra6 Rc8 39. h6 d3 40. h7
Nd4 41. Rxa7 d2 42. Rb7+ Kc5 43. Rd1 Rh8 44. Rc7+ Kb4 45. Kg6 Nf3 46. Rb1+ Kc3
47. Rb3+ Kd4 48. Rxf3 c3 49. Rfxc3 d1=Q 50. Rd7+ Kxc3 51. Rxd1 1-0

[Event "USCL Week 8"]
[Site "Internet Chess Club"]
[Date "2015.10.14"]
[Round "?"]
[White "Kacheishvili, Giorgi"]
[Black "Studen, Damir"]
[Result "1-0"]
[WhiteElo "2672"]
[BlackElo "2344"]
[PlyCount "67"]
[EventDate "2015.??.??"]

1. e4 d5 2. exd5 Qxd5 3. Nc3 Qd6 4. d4 c6 5. Nf3 Bg4 6. Be3 Nd7 7. h3 Bh5 8. g4
Bg6 9. Nh4 Ngf6 10. Nxg6 hxg6 11. Qf3 Nd5 12. Bd2 Nxc3 13. bxc3 Qd5 14. Qxd5
cxd5 15. Rb1 O-O-O 16. c4 e6 17. c5 e5 18. c3 f5 19. Rg1 f4 20. g5 exd4 21.
cxd4 Re8+ 22. Kd1 Re4 23. Rb4 f3 24. Bd3 Reh4 25. Rg4 Rxg4 26. hxg4 Rh4 27.
Bxg6 b6 28. Bf5 bxc5 29. Ra4 g6 30. Be6 Rh7 31. Rxa7 Bd6 32. Ra8+ Kc7 33. Ba5+
Kb7 34. Bxd5# 1-0

[Event "USCL Week 8"]
[Site "Internet Chess Club"]
[Date "2015.10.14"]
[Round "?"]
[White "Almeida, Alfonso"]
[Black "Finegold, Spencer"]
[Result "0-1"]
[WhiteElo "2406"]
[BlackElo "2187"]
[PlyCount "54"]
[EventDate "2015.??.??"]

1. d4 d5 2. c4 e6 3. Nc3 c5 4. cxd5 exd5 5. Nf3 Nc6 6. g3 Nf6 7. Bg2 Be7 8. O-O
O-O 9. Bg5 c4 10. Ne5 Be6 11. Rc1 Qa5 12. Qd2 Rad8 13. Rfd1 Rfe8 14. Bxf6 Bxf6
15. f4 g6 16. Nxc6 bxc6 17. Ne4 Bxd4+ 18. Qxd4 dxe4 19. Qxe4 Qb6+ 20. Kh1 Qxb2
21. Qxc6 Rxd1+ 22. Rxd1 Rc8 23. Qa4 c3 24. Be4 c2 25. Bxc2 Rxc2 26. f5 Rxe2 27.
Qh4 Bd5+ 0-1

[Event "USCL Week 8"]
[Site "Internet Chess Club"]
[Date "2015.10.14"]
[Round "?"]
[White "Margvelashvili, Giorgi"]
[Black "Naroditsky, Daniel"]
[Result "1/2-1/2"]
[WhiteElo "2607"]
[BlackElo "2711"]
[PlyCount "34"]
[EventDate "2015.??.??"]

1. d4 Nf6 2. c4 e6 3. Nf3 d5 4. e3 a6 5. Nbd2 c5 6. dxc5 Bxc5 7. a3 dxc4 8.
Bxc4 b5 9. Be2 O-O 10. b4 Be7 11. Bb2 Bb7 12. O-O Nbd7 13. Rc1 Rc8 14. Rxc8
Qxc8 15. Qb1 Qb8 16. Rc1 Rc8 17. h3 h6 1/2-1/2

[Event "USCL Week 8"]
[Site "Internet Chess Club"]
[Date "2015.10.14"]
[Round "?"]
[White "Perdomo, Carlos"]
[Black "Rozman, Levy"]
[Result "0-1"]
[WhiteElo "2350"]
[BlackElo "2378"]
[PlyCount "54"]
[EventDate "2015.??.??"]

1. c4 f5 2. b3 e5 3. Bb2 Nc6 4. e3 Nf6 5. Nc3 g6 6. Nf3 e4 7. Nd5 Bg7 8. Nd4
O-O 9. Nxc6 dxc6 10. Nf4 g5 11. Nh3 f4 12. Nxg5 fxe3 13. dxe3 Qe7 14. Be2 Ne8
15. Bxg7 Nxg7 16. Nh3 Bxh3 17. gxh3 Rad8 18. Qc2 Qb4+ 19. Kf1 Qe7 20. c5 Qf6
21. Bc4+ Kh8 22. Re1 Nf5 23. Rg1 Nh4 24. Rc1 Nf3 25. Rg2 Rd2 26. Qxe4 Nh4 27.
Rc2 Qa1+ 0-1

[Event "USCL Week 8"]
[Site "Internet Chess Club"]
[Date "2015.10.14"]
[Round "?"]
[White "Corallo, Michael"]
[Black "Izoria, Zviad"]
[Result "0-1"]
[WhiteElo "2359"]
[BlackElo "2638"]
[PlyCount "82"]
[EventDate "2015.??.??"]

1. e4 e6 2. d4 d5 3. e5 c5 4. c3 Qb6 5. Nf3 Nc6 6. a3 Nh6 7. b4 cxd4 8. Bxh6
gxh6 9. cxd4 Bd7 10. Ra2 Rg8 11. h3 a6 12. g3 Be7 13. Be2 f6 14. exf6 Bxf6 15.
Rd2 Rc8 16. Kf1 h5 17. Nc3 Nxb4 18. Qb3 Qc7 19. Qxb4 Qxc3 20. Qxb7 h4 21. g4 h5
22. g5 Bxg5 23. Rg1 Ke7 24. Rd3 Qa1+ 25. Rd1 Rc1 26. Rxg5 Rxd1+ 27. Bxd1 Qxd1+
28. Kg2 Rxg5+ 29. Nxg5 Qxd4 30. Qb1 a5 31. Qh7+ Kd6 32. Qxh5 Qf4 33. Nf7+ Ke7
34. Ne5 Be8 35. Qh7+ Kd6 36. Ng4 d4 37. Qxh4 Bc6+ 38. Kg1 Qc1+ 39. Kh2 Qh1+ 40.
Kg3 Qf3+ 41. Kh2 Qg2# 0-1

[Event "USCL Week 8"]
[Site "Internet Chess Club"]
[Date "2015.10.14"]
[Round "?"]
[White "Nakada, Akira"]
[Black "Martinez, Leo"]
[Result "0-1"]
[WhiteElo "2035"]
[BlackElo "2266"]
[PlyCount "82"]
[EventDate "2015.??.??"]

1. d4 Nf6 2. c4 c5 3. d5 b5 4. cxb5 a6 5. b6 e6 6. Nc3 Nxd5 7. Nxd5 exd5 8.
Qxd5 Nc6 9. e4 Be7 10. Nf3 Rb8 11. Ne5 O-O 12. Nxc6 dxc6 13. Qxd8 Rxd8 14. Be3
Rxb6 15. b3 Bf6 16. Rc1 Bd4 17. Bf4 Re8 18. Bd3 f5 19. O-O fxe4 20. Rfe1 Bf5
21. Re2 Kf7 22. Rce1 Bc3 23. Bc4+ Kf6 24. Rd1 Bd4 25. h3 h6 26. g4 Bh7 27. h4
Re7 28. Bd6 Re8 29. Bf4 h5 30. g5+ Kf5 31. Bd6 Bg8 32. Bd3 Bd5 33. Rde1 Re6 34.
Bg3 exd3 35. Rxe6 Bxe6 36. Rd1 c4 37. bxc4 Bxc4 38. Kg2 Rb2 39. Rc1 d2 40. Rd1
Be2 41. Rxd2 Rxd2 0-1

[Event "USCL Week 8"]
[Site "Internet Chess Club"]
[Date "2015.10.14"]
[Round "?"]
[White "Rosenthal, Nicholas"]
[Black "Serna, Jeffrey"]
[Result "1-0"]
[WhiteElo "2162"]
[BlackElo "2108"]
[PlyCount "65"]
[EventDate "2015.??.??"]

1. e4 e5 2. Nf3 Nc6 3. Bb5 f5 4. d3 fxe4 5. dxe4 Nf6 6. O-O Bc5 7. Bxc6 bxc6 8.
Nxe5 Qe7 9. Nd3 Nxe4 10. Re1 O-O 11. Rxe4 Qxe4 12. Nxc5 Qf5 13. Be3 d6 14. Nb3
c5 15. Nc3 Be6 16. Ne2 Rae8 17. Ng3 Qf7 18. Qd2 Bd5 19. Nxc5 h5 20. Nd7 h4 21.
Nxf8 hxg3 22. Ng6 gxf2+ 23. Bxf2 Re4 24. Re1 Kh7 25. Rxe4 Bxe4 26. Nf4 Qxa2 27.
Bd4 c5 28. Bc3 Qb1+ 29. Kf2 Qh1 30. Qe2 d5 31. Qh5+ Kg8 32. Qe8+ Kh7 33. Qf7
1-0

[Event "USCL Week 8"]
[Site "Internet Chess Club"]
[Date "2015.10.14"]
[Round "?"]
[White "Golub, David"]
[Black "Taghizadeh, Rayan"]
[Result "1-0"]
[WhiteElo "2321"]
[BlackElo "2245"]
[PlyCount "49"]
[EventDate "2015.??.??"]

1. Nf3 Nf6 2. c4 b6 3. g3 Bb7 4. Bg2 e6 5. O-O Be7 6. Nc3 O-O 7. Re1 Ne4 8.
Nxe4 Bxe4 9. d3 Bb7 10. e4 c5 11. d4 d6 12. d5 e5 13. a3 Bc8 14. b4 Qc7 15. Be3
Nd7 16. Nd2 Bf6 17. Qa4 Bb7 18. Rab1 Rfd8 19. Qb5 Rdb8 20. Bh3 Nf8 21. bxc5
bxc5 22. Qa4 Bd8 23. Rb5 Nd7 24. Reb1 Nb6 25. Rxb6 1-0

[Event "USCL Week 8"]
[Site "Internet Chess Club"]
[Date "2015.10.14"]
[Round "?"]
[White "Kannappan, Priyadharshan"]
[Black "Vazquez, Guillermo"]
[Result "1-0"]
[WhiteElo "2567"]
[BlackElo "2546"]
[PlyCount "85"]
[EventDate "2015.??.??"]

1. e4 c5 2. Nf3 e6 3. d4 cxd4 4. Nxd4 Nc6 5. Nb5 d6 6. c4 Nf6 7. N1c3 a6 8. Na3
Be7 9. Be2 O-O 10. O-O b6 11. Be3 Bb7 12. Qb3 Nd7 13. Rad1 Nc5 14. Qc2 Bf6 15.
Nab1 Qe7 16. a3 a5 17. Nb5 Rfd8 18. N1c3 Na7 19. Nxa7 Bxc3 20. Qxc3 Rxa7 21. e5
d5 22. Qd4 a4 23. Qg4 Rd7 24. Bg5 Qf8 25. cxd5 Bxd5 26. Bb5 Rdc7 27. h4 Ra5 28.
Bc4 Nb3 29. Bd3 Nc5 30. Bb1 Rb5 31. Qe2 Qe8 32. h5 Nb7 33. Bd3 Ra5 34. Qg4 Nc5
35. Bb1 Rb5 36. Qe2 Rc8 37. Rd4 Kh8 38. Rfd1 Ra8 39. Qc2 g6 40. Qe2 Kg8 41. Rh4
Rc8 42. hxg6 fxg6 43. Rxh7 1-0

[Event "USCL Week 8"]
[Site "Internet Chess Club"]
[Date "2015.10.14"]
[Round "?"]
[White "Byambaa, Uyanga"]
[Black "He, Anthony"]
[Result "1-0"]
[WhiteElo "2204"]
[BlackElo "2010"]
[PlyCount "71"]
[EventDate "2015.??.??"]

1. e4 e5 2. Nf3 Nc6 3. Bc4 Bc5 4. b4 Bxb4 5. c3 Ba5 6. d4 d6 7. Qb3 Qd7 8. dxe5
dxe5 9. O-O Bb6 10. Rd1 Qe7 11. Ba3 Qf6 12. Bb5 Bd7 13. c4 a6 14. Ba4 O-O-O 15.
c5 Ba7 16. Nc3 Nd4 17. Nxd4 Bxa4 18. Qxa4 exd4 19. Nd5 Qe5 20. c6 Qxe4 21.
cxb7+ Kxb7 22. Rab1+ Bb6 23. Nxb6 cxb6 24. Bc5 Rd6 25. Bxd6 Nf6 26. Re1 Re8 27.
Rxe4 Rxe4 28. Qc2 Re7 29. Bxe7 Ne8 30. Rc1 a5 31. Qc8+ Ka7 32. Qxe8 Ka6 33. a4
b5 34. Qxb5+ Ka7 35. Rc7+ Ka8 36. Qb7# 1-0

[Event "USCL Week 8"]
[Site "Internet Chess Club"]
[Date "2015.10.14"]
[Round "?"]
[White "Kovalyov, Anton"]
[Black "Akobian, Varuzhan"]
[Result "0-1"]
[WhiteElo "2702"]
[BlackElo "2721"]
[PlyCount "93"]
[EventDate "2015.??.??"]

1. c4 e5 2. g3 Nc6 3. Bg2 Nf6 4. Nc3 Bc5 5. e3 d6 6. Nge2 a6 7. b3 Bf5 8. d3
Qd7 9. h3 h5 10. d4 exd4 11. exd4 Bb4 12. Kf1 O-O-O 13. Bg5 Ba3 14. Qd2 Kb8 15.
Bxf6 gxf6 16. Nd5 Bg6 17. b4 Na7 18. Nef4 c6 19. Nxg6 fxg6 20. Nf4 g5 21. Nd3
h4 22. Qc3 hxg3 23. Qxa3 Qf5 24. Kg1 d5 25. fxg3 dxc4 26. Nc5 Nb5 27. Qa5 Nxd4
28. Rf1 Qe5 29. Kh2 Qe2 30. Nxa6+ bxa6 31. Qb6+ Kc8 32. Qxa6+ Kd7 33. Kg1 Ke7
34. Qa7+ Rd7 35. Qc5+ Kf7 36. Rh2 Qd3 37. Rf2 c3 38. Kh1 Qxg3 39. Rf1 c2 40. b5
Qd6 41. Qc4+ Kg7 42. bxc6 Re7 43. Bd5 Ne2 44. Rxe2 Rxe2 45. Qxe2 Qxd5+ 46. Kh2
Qd6+ 47. Kg1 0-1

[Event "USCL Week 8"]
[Site "Internet Chess Club"]
[Date "2015.10.14"]
[Round "?"]
[White "Guadalupe II, Francisco"]
[Black "So , Wesley"]
[Result "0-1"]
[WhiteElo "2365"]
[BlackElo "2847"]
[PlyCount "112"]
[EventDate "2015.??.??"]

1. e4 c5 2. Nf3 d6 3. d4 cxd4 4. Nxd4 Nf6 5. Nc3 a6 6. Be2 e6 7. O-O Be7 8. Be3
Qc7 9. f4 Nc6 10. Qe1 O-O 11. Qg3 Nxd4 12. Bxd4 b5 13. a3 Bb7 14. Rad1 Rad8 15.
Kh1 Bc6 16. Bf3 a5 17. e5 dxe5 18. fxe5 Nd7 19. Ne4 Bxe4 20. Bxe4 Nc5 21. Bf3
b4 22. axb4 axb4 23. Qf2 Rd7 24. b3 g6 25. Bb2 Rxd1 26. Rxd1 Nd7 27. Qd4 Rd8
28. c4 Nc5 29. Qe3 Rxd1+ 30. Bxd1 Bf8 31. Qd2 Qa5 32. Bd4 Nd7 33. Qe3 Qc7 34.
Qe1 Bc5 35. Bb2 Qa7 36. Qd2 Qa2 37. h3 Bf8 38. Qc2 Bg7 39. Bd4 Qxc2 40. Bxc2
Bxe5 41. Be3 Bd6 42. Be4 f5 43. Bc6 Nc5 44. Bxc5 Bxc5 45. Kh2 Bd6+ 46. Kg1 Kf7
47. Kf2 Kf6 48. Ke3 Bc5+ 49. Kd3 e5 50. Bd5 e4+ 51. Ke2 Ke5 52. Bb7 Kd4 53. Bd5
Kc3 54. Bg8 h6 55. Bh7 g5 56. Bxf5 e3 0-1

[Event "USCL Week 8"]
[Site "Internet Chess Club"]
[Date "2015.10.14"]
[Round "?"]
[White "Sanchez, Robert"]
[Black "Baker, Bruce"]
[Result "1/2-1/2"]
[WhiteElo "2157"]
[BlackElo "2329"]
[PlyCount "71"]
[EventDate "2015.??.??"]

1. e4 c5 2. Nf3 Nc6 3. d4 cxd4 4. Nxd4 Nf6 5. Nc3 d6 6. Bc4 e6 7. O-O Be7 8.
Be3 O-O 9. f4 d5 10. exd5 exd5 11. Be2 Re8 12. Nb3 Bb4 13. Bd2 Bf5 14. Bf3 a6
15. a3 Bf8 16. Be1 d4 17. Na4 Nd5 18. Bxd5 Qxd5 19. Nb6 Qe4 20. Nxa8 Rxa8 21.
Rc1 Rd8 22. Bd2 Qd5 23. Re1 Be4 24. Qe2 Bxc2 25. Na1 Bf5 26. Qf3 Qd7 27. Nb3 d3
28. Nc5 Bxc5+ 29. Rxc5 Nd4 30. Qd5 Ne2+ 31. Rxe2 dxe2 32. Qxd7 Bxd7 33. Rd5 f6
34. Kf2 Kf7 35. Ba5 e1=Q+ 36. Bxe1 1/2-1/2

[Event "USCL Week 8"]
[Site "Internet Chess Club"]
[Date "2015.10.14"]
[Round "?"]
[White "Bell, Eric"]
[Black "Yim, Sung Ho"]
[Result "0-1"]
[WhiteElo "2050"]
[BlackElo "2251"]
[PlyCount "74"]
[EventDate "2015.??.??"]

1. d4 Nf6 2. Nf3 e6 3. c4 Bb4+ 4. Bd2 Qe7 5. a3 Bxd2+ 6. Nbxd2 d6 7. e3 e5 8.
Qc2 O-O 9. dxe5 dxe5 10. Be2 a5 11. O-O Nc6 12. Rad1 e4 13. Ne1 Bf5 14. Nb3 Ne5
15. Nd4 Bg6 16. c5 c6 17. b4 axb4 18. axb4 Nfd7 19. Qb3 Nf6 20. Nec2 Nd5 21.
Ra1 Rad8 22. Ra7 Rd7 23. Na3 Nd3 24. Bxd3 exd3 25. Nc4 Qg5 26. Nf3 Qe7 27. Nfe5
Rc7 28. Nxg6 hxg6 29. Nd6 b6 30. Rxc7 Qxc7 31. e4 Nf4 32. g3 Ne6 33. Rc1 bxc5
34. bxc5 Nxc5 35. Rxc5 Qxd6 36. Rc3 Rd8 37. Kf1 Qd4 0-1

[Event "USCL Week 8"]
[Site "Internet Chess Club"]
[Date "2015.10.14"]
[Round "?"]
[White "Kiewra, Keaton"]
[Black "Xiong, Jeffery"]
[Result "0-1"]
[WhiteElo "2518"]
[BlackElo "2616"]
[PlyCount "102"]
[EventDate "2015.??.??"]

1. e4 c5 2. c3 Nf6 3. e5 Nd5 4. d4 cxd4 5. Nf3 e6 6. Qxd4 Nc6 7. Qe4 f5 8. Qe2
b6 9. g3 Qc7 10. a3 a5 11. c4 Ba6 12. b3 Bc5 13. Bb2 O-O 14. Nbd2 Nde7 15. Bg2
Rab8 16. O-O b5 17. cxb5 Bxb5 18. Nc4 a4 19. Rfc1 Na5 20. b4 Nxc4 21. bxc5 Na5
22. Qd2 Nb3 23. Qd6 Qxd6 24. exd6 Nc6 25. Bc3 f4 26. gxf4 Rxf4 27. Ne5 Nxe5 28.
Bxe5 Nxc1 29. Rxc1 Rc4 30. Rc3 Rxc3 31. Bxc3 Bc4 32. Be4 Bd5 33. Bc2 Bc6 34. f4
Rf8 35. Bd2 g5 36. fxg5 Rf3 37. Bb4 Rf4 38. Bd1 Rd4 39. Be2 Rxb4 40. axb4 a3
41. Bc4 Bd5 42. Ba2 Kf7 43. b5 Bxa2 44. c6 dxc6 45. b6 Bd5 46. b7 a2 47. b8=Q
a1=Q+ 48. Kf2 Qd4+ 49. Ke2 Bc4+ 50. Kf3 Qd3+ 51. Kf4 e5+ 0-1

[Event "USCL Week 8"]
[Site "Internet Chess Club"]
[Date "2015.10.14"]
[Round "?"]
[White "Li, Ruifeng"]
[Black "Watson, John"]
[Result "1/2-1/2"]
[WhiteElo "2502"]
[BlackElo "2340"]
[PlyCount "93"]
[EventDate "2015.??.??"]

1. e4 e6 2. d3 d5 3. Nd2 Nf6 4. e5 Nfd7 5. f4 c5 6. Ngf3 Nc6 7. g3 f6 8. Bh3
fxe5 9. fxe5 Ndxe5 10. Nxe5 Nxe5 11. Qh5+ Nf7 12. O-O g6 13. Qe2 Qe7 14. Nf3
Bg7 15. Bf4 e5 16. Bxc8 Rxc8 17. Rae1 O-O 18. c3 Rfe8 19. Qg2 Qd8 20. Bc1 c4
21. dxc4 Rxc4 22. Ng5 Nxg5 23. Bxg5 Qb6+ 24. Be3 Qc6 25. Bxa7 Ra4 26. Be3 Rxa2
27. Re2 e4 28. Ref2 Raa8 29. g4 Rf8 30. Qg3 Rxf2 31. Rxf2 Qd7 32. h3 Qe7 33.
Rf1 Be5 34. Qf2 Rf8 35. Qd2 Rxf1+ 36. Kxf1 Qe6 37. Ke1 Bg3+ 38. Kd1 Be5 39. Kc2
Qc6 40. h4 b5 41. Kb1 Qc4 42. Bd4 Bxd4 43. cxd4 b4 44. Qg5 Qf1+ 45. Ka2 Qa6+
46. Kb1 Qf1+ 47. Ka2 1/2-1/2

[Event "USCL Week 8"]
[Site "Internet Chess Club"]
[Date "2015.10.14"]
[Round "?"]
[White "Bhat, Vinay"]
[Black "Lee, Michael"]
[Result "1-0"]
[WhiteElo "2570"]
[BlackElo "2503"]
[PlyCount "67"]
[EventDate "2015.??.??"]

1. d4 Nf6 2. c4 c5 3. d5 b5 4. Qc2 e6 5. e4 d6 6. dxe6 fxe6 7. cxb5 Be7 8. Ne2
a6 9. Nf4 Bd7 10. Nc3 g5 11. Nh3 axb5 12. Bxb5 Bxb5 13. Nxb5 Qa5+ 14. Nc3 h6
15. f4 g4 16. Nf2 Nc6 17. O-O Rg8 18. e5 dxe5 19. fxe5 Nxe5 20. Nfe4 Nd5 21.
Nxd5 exd5 22. Nc3 c4 23. Qh7 Rf8 24. Rxf8+ Bxf8 25. Be3 Nd3 26. Qf5 d4 27. Qe4+
Be7 28. Nd5 Ra7 29. Bxd4 Kd8 30. Rf1 Rd7 31. Nxe7 Rxe7 32. Qc6 Rc7 33. Rf8+ Ke7
34. Qf6+ 1-0